Normal view
MARC view
- Computation laboratories
Entry Topical Term
001 - CONTROL NUMBER
- control field: 39070
003 - CONTROL NUMBER IDENTIFIER
- control field: NUST
005 - DATE AND TIME OF LATEST TRANSACTION
- control field: 20210314131333.0
008 - FIXED-LENGTH DATA ELEMENTS
- fixed length control field: 210314|| aca||aabn | a|a d
040 ## - CATALOGING SOURCE
- Original cataloging agency: NUST
- Transcribing agency: NUST
150 ## - HEADING--TOPICAL TERM
- Topical term or geographic name entry element: Computation laboratories
670 ## - SOURCE DATA FOUND
- Source citation: Work cat.: (NUST): University of Wisconsin--Madison. 39069, The computing laboratory in the university,, 1957.
